Marketing for business growth
The book talks about three generalk topics: how to think about and get more from the products, people, and resources; how to think sensibly about and get innovation and imitation in marketing; and how to think about marketing's claim on company resources relative to other considerations which m...
Сохранить в:
| Главный автор: | |
|---|---|
| Формат: | |
| Язык: | Undetermined |
| Опубликовано: |
New York
McGraw-Hill
1974
|
| Предметы: | |
| Метки: |
Добавить метку
Нет меток, Требуется 1-ая метка записи!
|
| Thư viện lưu trữ: | Trung tâm Học liệu Trường Đại học Cần Thơ |
|---|
| LEADER | 00895nam a2200205Ia 4500 | ||
|---|---|---|---|
| 001 | CTU_40900 | ||
| 008 | 210402s9999 xx 000 0 und d | ||
| 020 | |c 11.50 | ||
| 082 | |a 658.8 | ||
| 082 | |b L666 | ||
| 100 | |a Levitt, Theodore | ||
| 245 | 0 | |a Marketing for business growth | |
| 245 | 0 | |c Theodore Levitt | |
| 260 | |a New York | ||
| 260 | |b McGraw-Hill | ||
| 260 | |c 1974 | ||
| 520 | |a The book talks about three generalk topics: how to think about and get more from the products, people, and resources; how to think sensibly about and get innovation and imitation in marketing; and how to think about marketing's claim on company resources relative to other considerations which must go into charting the purposes and managing the various functions of the whole organization. | ||
| 650 | |a Marketing | ||
| 904 | |i Minh, H.Mai | ||
| 980 | |a Trung tâm Học liệu Trường Đại học Cần Thơ | ||